000 00323 a2200109 4500
001 ART_23937
005 20260410161932.0
008 260409a
245 1 0 _aUna aproximación a la comercialización
100 1 _aBogo, Héctor Mario
773 0 _tInforme
_g- Año VII, Nº 43 (ene./feb. 1975)
_wREV23765
999 _c28740
_d28740